000 00250nam a22001217a 4500
003 SGT
082 _a823
_bCAH
100 _aCAHALAN SUSANNAH
245 _aBRAIN ON FIRE
260 _aLONDON
_bPENGUIN PUB
_c2014
300 _a264
942 _2ddc
_cBK
999 _c33997
_d33997